| 000 | 00759cam a22002533a 4500 | ||
|---|---|---|---|
| 001 | 31426 | ||
| 003 | PGUSA | ||
| 005 | 20140828083659.0 | ||
| 008 | 100227s2010||||xxu|||||s|||||000 1 eng d | ||
| 040 |
_aPGUSA _beng |
||
| 042 | _adc | ||
| 050 | 4 | _aPZ | |
| 100 | 1 | _aNewcomb, Ambrose | |
| 245 | 1 | 0 |
_aEagles of the Sky; Or, With Jack Ralston Along the Air Lanes _h[electronic resource] / _cAmbrose Newcomb |
| 260 |
_bProject Gutenberg, _c2010 |
||
| 506 | _aPublic domain in the USA. | ||
| 516 | _aElectronic text | ||
| 653 | _aFlorida -- Juvenile fiction | ||
| 653 | _aDetective and mystery stories | ||
| 653 | _aAeronautics -- Juvenile fiction | ||
| 830 | 0 |
_aProject Gutenberg _v31426 |
|
| 856 | 4 | 0 | _uhttp://www.gutenberg.org/ebooks/31426 |
| 942 | _cEB | ||
| 999 |
_c260681 _d260681 |
||